| 000 | 00521nam a2200205 a 4500 | ||
|---|---|---|---|
| 001 | BRCA_3554 | ||
| 005 | 20190320204330.0 | ||
| 008 | 030809s1962----nyu#---###---#000-0#eng-# | ||
| 041 | _aeng | ||
| 044 | _anyu | ||
| 050 | 4 |
_aPZ4 _b.L56 1962 |
|
| 100 | 1 |
_aLinnington, Elizabeth _d1921- _99223 |
|
| 245 | 1 | 0 |
_aExtra kill _cby Dell Shannon [pseud. |
| 260 |
_aNew York _bW. Morrow _c1962 |
||
| 300 |
_a288 p. _c22 cm. |
||
| 500 | _aB222 | ||
| 650 | 1 | 4 |
_aPolicía _xFicción _zCalifornia _99224 |
| 902 | _aGFM | ||
| 942 |
_2lcc _cB |
||
| 999 |
_c3289 _d3289 |
||